000 01861cam a2200337 i 4500
001 99116494153404341
005 20250515083246.0
008 200803s2021 enk 000 f eng d
015 _aGBC119261
_2bnb
015 _aGBC1K4898
_2bnb
016 7 _a020103334
_2Uk
020 _a9781783788217
_qpaperback
035 _a(OCoLC)1180973977
035 _a(OCoLC)on1180973977
040 _aYDX
_beng
_erda
_cYDX
_dUKMGB
_dYDXIT
_dOCLCF
_dNZHWP
_dOCL
_dOCLCO
_dOCLCQ
_dOCLCO
_dY@Y
_dNLE
041 1 _aeng
_hspa
049 _aNLES
050 4 _aPQ7798.15.N75
_bA2 2021
100 _aEnriquez, Mariana
_eauthor.
_923650
240 1 0 _aLos peligros de fumar en la cama.
_lEnglish
245 1 4 _aThe dangers of smoking in bed
_b: stories
_c/ Mariana Enriquez ; translated from the Spanish by Megan McDowell.
264 1 _aLondon :
_bGranta,
_c2021.
300 _a187 pages ;
_c22 cm
500 _aOriginally published in Spain as Los peligros de fumar en la cama by Editorial Anagrama in Barcelona, Spain, 2017.
520 _aWelcome to Buenos Aires, a place of nightmares and twisted imaginings, where missing children come back from the dead and unearthed bones carry terrible curses. Thrumming with murderous intentions, family betrayals and morbid desires, these stories shine a light on a violent city gripped by urban madness; giving voice to the lost, the oppressed and the forgotten. Lucid and darkly poetic, unsettling and otherworldly, these tales of revenge, witchcraft and fetishes are a masterpiece of contemporary Gothic and a bewitching exploration of the dark inclinations that threaten to lead us over the edge.
546 _aText in English translated from the Spanish.
600 0 _aEnriquez, Mariana
_vTranslations into English.
_923650
655 0 _aShort stories
_922375
700 _aMcDowell, Megan,
_etranslator.
_924949
942 _2lcc
999 _c4670
_d4670